000 00677nam a2200241Ia 4500
003 OSt
005 20221005131022.0
006 a|||||r|||| 00| 0
007 ta
008 221004b |||||||| |||| 00| 0 eng d
024 _a37907
037 _cTextual
040 _aCRL
_cCRL
_beng
041 _2eng
_aeng
082 _aO:2J64:17, J7
100 _aShakespeare William
245 0 _aSecond part of King Henry VI ed by Andrew S Cairncross
260 _c1957
490 _aArden edition of the works of William Shakespeare, 1957
650 _aENGLISH LITERATURE
942 _hO:2J64:17, J7
_cTEXL
_2cc
999 _c1059106
_d1059106